MARC

LEADER 00000nam0a2200000 4500
001 365405
005 20231102011801.0
035 |a (RuTPU)RU\TPU\retro\22768 
090 |a 365405 
100 |a 20211228d1981 km y0rusy50 ca 
101 0 |a rus 
102 |a UZ 
105 |a a z 001zy 
200 1 |a Методы детального изучения сейсмичности территорий гидротехнических сооружений  |f Ташкентский государственный университет ; отв. ред. В. Д. Павлов 
210 |a Ташкент  |c Фан  |d 1981 
215 |a 100 с.  |c ил. 
320 |a Библиогр.: с. 98-99 
606 1 |a Гидротехнические сооружения  |x Сейсмостойкость  |2 stltpush  |3 (RuTPU)RU\TPU\subj\6848  |9 34633 
610 1 |a наблюдения 
610 1 |a обработка данных 
610 1 |a методы 
610 1 |a расчеты 
610 1 |a балы 
610 1 |a сейсмические колебания 
610 1 |a Узбекистан 
610 1 |a сейсмическое районирование 
675 |a 627.8.04  |v 4 
702 1 |a Павлов  |b В. Д.  |4 340 
712 0 2 |a Ташкентский государственный университет  |2 stltpush  |3 (RuTPU)RU\TPU\col\10690  |9 24904 
801 1 |a RU  |b 63413507  |c 20211228 
942 |c BK